| 000 | 00346nam a22001337a 4500 | ||
|---|---|---|---|
| 008 | 170607b xxu||||| |||| 00| 0 eng d | ||
| 020 | _a9780842027687 | ||
| 041 | _aeng | ||
| 080 | _a327 | ||
| 100 | _a18 | ||
| 101 | _aSHP | ||
| 245 |
_aREPRESSSION RESISTANCE AND DEMOCRATIC TRANSITION IN CENTRAL AMERICA _cWALKER.TH.W |
||
| 942 |
_2udc _cBK |
||
| 999 |
_c16342 _d16342 |
||